000
00247nam a22001097a 4500
999
_c
168603
_d
168603
082
_a
_b
100
_a
Suyarnaletha M C
245
_a
Manak hindi samcharan/
_c
by Suyarnaletha M C.
260
_a
Mathura:
_b
Jawahar,
_c
650
_a
942
_c
BK